KPI-tree modell fejlesztése predikciós eljárások alkalmazásával

A controlling fejlődése az elmúlt években a big data, mesterséges intelligencia, a különböző matematikai statisztikai módszertanok fejlődése és a digitalizáció által olyan modelleket hozott létre a menedzsment számára, amelyek hatékonyabb döntéshozást és tervezési folyamatot tettek lehetővé. A külön...

Teljes leírás

Elmentve itt :
Bibliográfiai részletek
Szerzők: Gáspár Sándor
Thalmeiner Gergő
Testületi szerző: Társadalmi és gazdasági folyamatok elemzésének kérdései a XXI. században (2019) (Szeged)
Dokumentumtípus: Könyv része
Megjelent: 2020
Sorozat:Társadalmi és gazdasági folyamatok elemzésének kérdései a XXI. században
Kulcsszavak:Vezetés - vállalati - rendszerelmélet, Kontrolling
Tárgyszavak:
doi:10.14232/tgfek21sz.17

Online Access:http://acta.bibl.u-szeged.hu/72016
LEADER 02071naa a2200241 i 4500
001 acta72016
005 20260224081030.0
008 210216s2020 hu o 100 hun d
024 7 |a 10.14232/tgfek21sz.17  |2 doi 
040 |a SZTE Egyetemi Kiadványok Repozitórium  |b hun 
041 |a hun 
100 1 |a Gáspár Sándor 
245 1 0 |a KPI-tree modell fejlesztése predikciós eljárások alkalmazásával  |h [elektronikus dokumentum] /  |c  Gáspár Sándor 
260 |c 2020 
300 |a 250-264 
490 0 |a Társadalmi és gazdasági folyamatok elemzésének kérdései a XXI. században 
520 3 |a A controlling fejlődése az elmúlt években a big data, mesterséges intelligencia, a különböző matematikai statisztikai módszertanok fejlődése és a digitalizáció által olyan modelleket hozott létre a menedzsment számára, amelyek hatékonyabb döntéshozást és tervezési folyamatot tettek lehetővé. A különböző predikciós illetve ok-okozati controlling modellek a döntéshozáshoz szükséges információtartalmat nagymértékben növelték. Számos új, különböző operatív mérési lehetőség és adatszerzési forrás jelent meg a gépészet és az informatika által létrehozott innovációk által. Ezen adatok önmagukban nagyon kevésszer hordoznak információ tartalmat. Összességében egy strukturált rendszerben, illetve modellben viszont olyan információ halmazzá válhatnak ezek az adatok, amelyek akár képesek egy teljes szervezet működési modelljének ok-okozati összefüggéseit elemezni és a különböző menedzsment funkciókat a tervezéstől egészen az ellenőrzésig támogatni. 
650 4 |a Társadalomtudományok 
650 4 |a Közgazdasági és gazdálkodástudományok 
695 |a Vezetés - vállalati - rendszerelmélet, Kontrolling 
700 0 1 |a Thalmeiner Gergő  |e aut 
710 |a Társadalmi és gazdasági folyamatok elemzésének kérdései a XXI. században (2019) (Szeged) 
856 4 0 |u http://acta.bibl.u-szeged.hu/72016/1/tarsadalmi_es_gazdasagi_folyamatok_250-264.pdf  |z Dokumentum-elérés